| 000 | 00525nam a2200157Ia 4500 | ||
|---|---|---|---|
| 003 | IN-BaIIA | ||
| 008 | 211028s9999 xx 000 0 eng d | ||
| 040 | _cIIA Library | ||
| 080 |
_a902(540)(55) _bPUR-38 |
||
| 245 | 0 |
_aPuratattva: bulletin of the Indian archeological society, No.38 _cedited by K. N. Dikshit |
|
| 260 |
_aNew Delhi _bIndian Archeological Society _c2008 |
||
| 300 | _axv, 289p. | ||
| 650 |
_aPuratattva _932834 |
||
| 700 |
_aDikshit, K. N., ed. _932835 |
||
| 942 | _cBK | ||
| 999 |
_c17399 _d17399 |
||